Sports Quiz

Random Sports or Soccer Quiz

Bundesliga : 4th place XIs Quiz Stats

 Plays Quiz not verified by Sporcle

Score 0/300 Timer 20:00
0 Plays Today
Hint Answer % Correct
Dortmund 17-18Pierre-Emerick Aubameyang
92.9%
Bayern München 06-07Claudio Pizarro
91.8%
Bayern München 06-07Oliver Kahn
91.3%
Dortmund 17-18Nuri Şahin
90.5%
Leverkusen 00-01Lúcio
90.4%
Bayern München 06-07Lúcio
90.4%
Bayern München 06-07Daniel Van Buyten
90.2%
Schalke 04 12-13Klaas Jan Huntelaar
90.2%
Stuttgart 03-04Philipp Lahm
89.7%
Bayern München 06-07Philipp Lahm
89.7%
Dortmund 17-18Roman Bürki
88.9%
Dortmund 17-18Christian Pulisic
88.9%
Bayern München 06-07Willy Sagnol
88.8%
Leverkusen 09-10Stefan Kießling
88.8%
Leverkusen 13-14Stefan Kießling
88.8%
Leverkusen 14-15Stefan Kießling
88.8%
Bayern München 06-07Roy Makaay
87.5%
Dortmund 17-18Sokratis Papastathopoulos
87.3%
Leverkusen 00-01Michael Ballack
86.8%
Leverkusen 13-14Bernd Leno
86.8%
Leverkusen 14-15Bernd Leno
86.8%
Schalke 04 12-13Jefferson Farfán
86.3%
Leverkusen 13-14Heung-min Son
86.1%
Leverkusen 14-15Heung-min Son
86.1%
Bayern München 06-07Felix Magath, Ottmar Hitzfeld
85.6%
Bayern München 06-07Mark van Bommel
85.2%
Leverkusen 13-14Sami Hyypiä, Sascha Lewandowski
85.2%
Bayern München 06-07Bastian Schweinsteiger
85%
Dortmund 17-18Marcel Schmelzer
84.9%
Leverkusen 09-10Sami Hyypiä
84.7%
Bayern München 06-07Hasan Salihamidžić
84.3%
Schalke 04 12-13Joel Matip
82.9%
Mönchengladbach 15-16Yann Sommer
82.5%
Dortmund 93-94Stefan Klos
82.2%
Dortmund 98-99Stefan Klos
82.2%
Leverkusen 13-14Lars Bender
82%
Leverkusen 14-15Lars Bender
82%
Leverkusen 09-10Arturo Vidal
81.8%
Schalke 04 12-13Jermaine Jones
81.8%
Dortmund 17-18Łukasz Piszczek
81.7%
Dortmund 17-18Mario Götze
81.7%
Stuttgart 03-04Timo Hildebrand
81.3%
Schalke 04 12-13Timo Hildebrand
81.3%
Stuttgart 03-04Kevin Kurányi
81.1%
Schalke 04 05-06Kevin Kurányi
81.1%
Leverkusen 09-10René Adler
80.6%
Dortmund 93-94Stéphane Chapuisat
80.2%
Dortmund 98-99Stéphane Chapuisat
80.2%
Hamburg 07-08Ivica Olić
79.7%
Schalke 04 12-13Christian Fuchs
79.5%
Leverkusen 13-14Ömer Toprak
79.5%
Leverkusen 14-15Ömer Toprak
79.5%
Hamburg 07-08Rafael van der Vaart
79.3%
Hertha Berlin 08-09Raffael
79.3%
Mönchengladbach 15-16Raffael
79.3%
Mönchengladbach 95-96Martin Schneider
78.6%
Stuttgart 96-97Thomas Schneider
78.6%
Schalke 04 12-13Benedikt Höwedes
77.7%
Stuttgart 03-04Aliaksandr Hleb
77.2%
Leverkusen 14-15Hakan Çalhanoğlu
77.2%
Dortmund 93-94Matthias Sammer
77%
Dortmund 93-94Ottmar Hitzfeld
77%
Hertha Berlin 08-09Andriy Voronin
77%
Mönchengladbach 15-16Thorgan Hazard
76.8%
Dortmund 17-18Ömer Toprak
75.4%
Mönchengladbach 15-16Granit Xhaka
74.7%
Stuttgart 03-04Felix Magath
74.5%
Schalke 04 12-13Atsuto Uchida
74.3%
Dortmund 17-18Julian Weigl
73.8%
Leverkusen 00-01Oliver Neuville
73.3%
Schalke 04 12-13Julian Draxler
73.3%
Hertha Berlin 01-02Jürgen Röber, Falko Götz
73.1%
Leverkusen 00-01Robert Kovač
72.2%
Hertha Berlin 04-05Niko Kovač
72.2%
Hamburg 07-08Paolo Guerrero
72.2%
Hertha Berlin 01-02Gábor Király
71.8%
Leverkusen 13-14Emir Spahić
71.8%
Leverkusen 14-15Emir Spahić
71.8%
Dortmund 98-99Andreas Möller
71.3%
Dortmund 98-99Jürgen Kohler
71.1%
Hoffenheim 16-17Sandro Wagner
70.8%
Dortmund 93-94Stefan Reuter
70.4%
Dortmund 98-99Stefan Reuter
70.4%
Hertha Berlin 04-05Arne Friedrich
69.5%
Hertha Berlin 08-09Arne Friedrich
69.5%
Leverkusen 00-01Carsten Ramelow
69.2%
Leverkusen 09-10Manuel Friedrich
69.2%
Hoffenheim 16-17Oliver Baumann
69.1%
Dortmund 93-94Bodo Schmidt
68.6%
Hertha Berlin 01-02Andreas Schmidt
68.6%
Mönchengladbach 11-12Marco Reus
68.6%
Leverkusen 14-15Roger Schmidt
68.6%
Hoffenheim 16-17Andrej Kramarić
67.9%
Hamburg 02-03Sergej Barbarez
67.9%
Hamburg 07-08Joris Mathijsen
67.9%
Leverkusen 13-14Simon Rolfes
67.9%
Leverkusen 00-01Jens Nowotny
67.7%
Leverkusen 00-01Ulf Kirsten
67.4%
Leverkusen 00-01Zé Roberto
67.2%
Schalke 04 05-06Christian Poulsen
67.2%
Hint Answer % Correct
Schalke 04 05-06Ralf Rangnick, Oliver Reck, Mirko Slomka
67.2%
Leverkusen 09-10Eren Derdiyok
67.2%
Stuttgart 96-97Krassimir Balakov
67%
Stuttgart 97-98Krassimir Balakov
67%
Stuttgart 03-04Fernando Meira
67%
Dortmund 98-99Lars Ricken
66.7%
Leverkusen 00-01Christoph Daum, Rudi Völler, Berti Vogts
66.7%
Stuttgart 03-04Bordon
66.5%
Schalke 04 05-06Bordon
66.5%
Dortmund 98-99Dédé
65.8%
Mönchengladbach 11-12Dante
65.6%
Schalke 04 05-06Levan Kobiashvili
65.4%
Mönchengladbach 15-16Oscar Wendt
65.1%
Mönchengladbach 15-16Lucien Favre, André Schubert
64.9%
Schalke 04 05-06Frank Rost
64.5%
Hamburg 07-08Frank Rost
64.5%
Leverkusen 09-10Gonzalo Castro
64.5%
Leverkusen 13-14Gonzalo Castro
64.5%
Leverkusen 14-15Gonzalo Castro
64.5%
Leverkusen 14-15Wendell
63.8%
Schalke 04 05-06Rafinha
63.3%
Stuttgart 96-97Fredi Bobic
63.1%
Stuttgart 97-98Fredi Bobic
63.1%
Hertha Berlin 08-09Lucien Favre
63.1%
Leverkusen 09-10Tranquillo Barnetta
63.1%
Mönchengladbach 11-12Lucien Favre
63.1%
Mönchengladbach 15-16Fabian Johnson
63.1%
Hertha Berlin 01-02Josip Šimunić
62.4%
Hertha Berlin 04-05Josip Šimunić
62.4%
Hertha Berlin 08-09Josip Šimunić
62.4%
Mönchengladbach 11-12Marc-André ter Stegen
62.4%
Hamburg 07-08Nigel de Jong
62%
Hertha Berlin 04-05Falko Götz
61.3%
Schalke 04 05-06Mladen Krstajić
61%
Leverkusen 14-15Karim Bellarabi
61%
Hertha Berlin 01-02Marcelinho
60.8%
Hertha Berlin 04-05Marcelinho
60.8%
Mönchengladbach 11-12Juan Arango
60.4%
Stuttgart 96-97Zvonimir Soldo
60.1%
Stuttgart 97-98Zvonimir Soldo
60.1%
Stuttgart 03-04Zvonimir Soldo
60.1%
Dortmund 17-18Peter Bosz, Peter Stöger
59.5%
Hertha Berlin 01-02Pál Dárdai
59.2%
Hamburg 02-03Mehdi Mahdavikia
59.2%
Hertha Berlin 08-09Pál Dárdai
59.2%
Kaiserslautern 94-95Ciriaco Sforza
59%
Schalke 04 05-06Dario Rodríguez
59%
Hertha Berlin 08-09Marko Pantelić
59%
Dortmund 17-18André Schürrle
58.7%
Hamburg 07-08David Jarolím
58.3%
Hannover 10-11Mirko Slomka
58.3%
Mönchengladbach 15-16Ibrahima Traoré
58.1%
1860 München 99-00Martin Stranzl
57.6%
Mönchengladbach 11-12Martin Stranzl
57.6%
Mönchengladbach 15-16Andreas Christensen
57.6%
Dortmund 93-94Karl-Heinz Riedle
57.4%
Hannover 10-11Steven Cherundolo
57.4%
Hannover 10-11Didier Ya Konan
57.2%
Mönchengladbach 11-12Håvard Nordtveit
57.2%
Mönchengladbach 15-16Håvard Nordtveit
57.2%
Kaiserslautern 94-95Martin Wagner
56.9%
Schalke 04 12-13Huub Stevens, Jens Keller
56.9%
Hoffenheim 16-17Julian Nagelsmann
56.4%
Stuttgart 96-97Giovane Élber
56.3%
Kaiserslautern 94-95Miroslav Kadlec
55.8%
Dortmund 93-94Michael Zorc
55.4%
Hertha Berlin 08-09Jaroslav Drobný
55.1%
1860 München 99-00Martin Max
54.7%
Hertha Berlin 01-02Michael Preetz
54.7%
Leverkusen 09-10Toni Kroos
54.7%
1860 München 99-00Thomas Riedl
54.2%
Schalke 04 05-06Lincoln
54%
Leverkusen 09-10Jupp Heynckes
54%
Stuttgart 03-04Andreas Hinkel
53.5%
Dortmund 98-99Karsten Baumann
53.3%
Hannover 10-11Lars Stindl
53.1%
Mönchengladbach 15-16Lars Stindl
53.1%
Hoffenheim 16-17Kevin Vogt
51.9%
Leverkusen 13-14Giulio Donati
51.7%
Hamburg 07-08Guy Demel
51.3%
Hamburg 07-08Huub Stevens
50.8%
Dortmund 93-94Michael Schulz
50.6%
Hannover 10-11Christian Schulz
50.6%
Hoffenheim 16-17Niklas Süle
50.2%
Schalke 04 05-06Fabian Ernst
49.9%
Mönchengladbach 11-12Patrick Herrmann
49.9%
Hertha Berlin 04-05Yıldıray Baştürk
49.7%
Hamburg 07-08Piotr Trochowski
49.7%
Bayern München 06-07Andreas Ottl
49%
Hoffenheim 16-17Sebastian Rudy
49%
Mönchengladbach 95-96Martin Dahlin
48.5%
Kaiserslautern 94-95Andreas Reinke
48.3%
Mönchengladbach 95-96Patrik Andersson
48.3%
Hamburg 02-03Tomáš Ujfaluši
46.9%
Hannover 10-11Sérgio da Silva Pinto
46.9%
1860 München 99-00Thomas Häßler
45.6%
Leverkusen 00-01Adam Matysek
45.6%
Leverkusen 14-15Roberto Hilbert
45.6%
Kaiserslautern 94-95Andreas Brehme
44.9%
Leverkusen 13-14Sebastian Boenisch
44.6%
Hint Answer % Correct
Leverkusen 00-01Boris Živković
44.2%
Hertha Berlin 01-02Bart Goor
43.3%
Schalke 04 05-06Zlatan Bajramović
43.3%
Hoffenheim 16-17Pavel Kadeřábek
43.2%
Hannover 10-11Mohammed Abdellaoue
42.8%
Mönchengladbach 11-12Roman Neustädter
42.8%
Schalke 04 12-13Roman Neustädter
42.8%
Hamburg 07-08Jérôme Boateng
42.4%
Leverkusen 09-10Stefan Reinartz
42.1%
Hertha Berlin 04-05Nando Rafael
41.9%
Mönchengladbach 95-96Stefan Effenberg
41.7%
Kaiserslautern 94-95Olaf Marschall
41.5%
Dortmund 93-94Knut Reinhardt
40.8%
Hamburg 07-08Bastian Reinhardt
40.5%
Mönchengladbach 11-12Mike Hanke
40.3%
Dortmund 93-94Flemming Povlsen
40.1%
Kaiserslautern 94-95Pavel Kuka
40.1%
Hamburg 02-03Bernardo Romeo
39.6%
Stuttgart 03-04Imre Szabics
39.6%
Mönchengladbach 11-12Filip Daems
39.2%
Hannover 10-11Emanuel Pogatetz
39%
Hannover 10-11Karim Haggui
38.7%
Stuttgart 03-04Silvio Meißner
38.5%
Hamburg 02-03Rodolfo Cardoso
38.3%
Kaiserslautern 94-95Stefan Kuntz
38%
Mönchengladbach 11-12Tony Jantschke
37.8%
Hoffenheim 16-17Kerem Demirbay
37.4%
Hoffenheim 16-17Steven Zuber
37%
Hertha Berlin 01-02Dick van Burik
36.9%
Hertha Berlin 04-05Dick van Burik
36.9%
Stuttgart 97-98Jonathan Akpoborie
36.7%
Schalke 04 12-13Lewis Holtby
36.7%
Stuttgart 96-97Rolf Fringer, Joachim Löw
36.4%
Stuttgart 97-98Joachim Löw
36.4%
Hamburg 02-03Collin Benjamin
36%
Hertha Berlin 01-02Stefan Beinlich
35.3%
Stuttgart 96-97Franz Wohlfahrt
34.6%
Stuttgart 97-98Franz Wohlfahrt
34.6%
Hertha Berlin 01-02Marko Rehmer
34.4%
Stuttgart 96-97Frank Verlaat
32.6%
Stuttgart 97-98Frank Verlaat
32.6%
Hamburg 02-03Nico Jan Hoogma
32.6%
Mönchengladbach 15-16Mahmoud Dahoud
32.6%
Dortmund 98-99Christian Nerlinger
32.1%
Hertha Berlin 04-05Christian Fiedler
32.1%
Stuttgart 96-97Thomas Berthold
31.2%
Stuttgart 97-98Thomas Berthold
31.2%
Dortmund 98-99Michael Skibbe
31%
1860 München 99-00Werner Lorant
29.8%
Leverkusen 09-10Daniel Schwaab
29.8%
Hertha Berlin 04-05Gilberto
29.6%
1860 München 99-00Daniel Hoffmann
29.4%
Hoffenheim 16-17Benjamin Hübner
29.2%
Stuttgart 03-04Horst Heldt
29.2%
Kaiserslautern 94-95Friedel Rausch
28.9%
Dortmund 98-99Bachirou Salou
28.9%
1860 München 99-00Harald Cerny
28.9%
Hannover 10-11Konstantin Rausch
28.7%
Hoffenheim 16-17Nadiem Amiri
28.4%
Hamburg 02-03Martin Pieckenhagen
28.2%
Hannover 10-11Florian Fromlowitz
28%
1860 München 99-00Ned Zelić
27.3%
Leverkusen 13-14Emre Can
27.1%
Kaiserslautern 94-95Axel Roos
25.7%
Dortmund 98-99Alfred Nijhuis
25.3%
Mönchengladbach 95-96Uwe Kamps
24.8%
Hertha Berlin 08-09Maximilian Nicu
23.7%
Hannover 10-11Manuel Schmiedebach
23.7%
Hertha Berlin 01-02Michael Hartmann
22.8%
Hamburg 02-03Milan Fukal
22.3%
Stuttgart 97-98Murat Yakin
22.1%
Stuttgart 97-98Marco Haber
22.1%
Hertha Berlin 04-05Thorben Marx
22.1%
Hamburg 02-03Kurt Jara
21.9%
1860 München 99-00Bernhard Winkler
21.6%
Mönchengladbach 95-96Bernd Krauss
21.4%
Hertha Berlin 08-09Gojko Kačar
21.4%
Dortmund 93-94Gerhard Poschner
20.5%
Stuttgart 96-97Gerhard Poschner
20.5%
Stuttgart 97-98Gerhard Poschner
20.5%
Leverkusen 00-01Jörg Reeb
19.8%
Hamburg 02-03Bernd Hollerbach
19.8%
Hertha Berlin 08-09Marc Stein
18.9%
Hertha Berlin 08-09Cícero
18.2%
Mönchengladbach 95-96Christian Hochstätter
17.1%
Mönchengladbach 95-96Peter Wynhoff
16.2%
Stuttgart 96-97Thorsten Legat
15.9%
1860 München 99-00Roman Týce
15.9%
Stuttgart 96-97Matthias Hagner
15.3%
Stuttgart 97-98Matthias Hagner
15.3%
Kaiserslautern 94-95Thomas Ritter
15%
Hertha Berlin 04-05Malik Fathi
15%
1860 München 99-00Stephan Paßlack
14.8%
Kaiserslautern 94-95Roger Lutz
14.4%
Mönchengladbach 95-96Jörg Neun
14.4%
1860 München 99-00Marco Kurz
13.9%
Mönchengladbach 95-96Thomas Kastenmaier
13.7%
Mönchengladbach 95-96Michael Klinkert
9.8%
Mönchengladbach 95-96Michael Sternkopf
9.3%
Hamburg 02-03Marcel Maltritz
9.1%

You're not logged in!

Compare scores with friends on all Sporcle quizzes.
OR
Log In

Show Comments

Extras

Top Quizzes Today


Score Distribution

Your Account Isn't Verified!

In order to create a playlist on Sporcle, you need to verify the email address you used during registration. Go to your Sporcle Settings to finish the process.

Report this User

Report this user for behavior that violates our Community Guidelines.

Details: